00540nam a2200181 4500003000900000020001800009040002800027082001200055100002100067245007000088250001100158260003400169300003900203490001200242500004200254650004300296700001900339CO-ViMGA a9789583025426 aCO-ViMGAbspacCO-ViMGA04bC BAU p1 aBaussier, Silvie10aLas profesiones cPierre Caillou, il, Constanza Morales Mair, tr. a2a. ed aBogotábPanamericana,c2007 a24 p. :bil, desplegable. : 20 cm. aKididoc atraducción del libro Las Métiers14alas profesiones vaprendizaje infantil1 aPierre Caillou